| 000 | 01492nam a2200361Ia 4500 | ||
|---|---|---|---|
| 001 | ebr10698991 | ||
| 003 | CaPaEBR | ||
| 006 | m o u | ||
| 007 | cr cn||||||||| | ||
| 008 | 080915s2008 si a sb 100 0 eng d | ||
| 010 | _z 2008276855 | ||
| 020 | _z9789812818799 | ||
| 020 | _z9812818790 | ||
| 020 | _z9789812818805 | ||
| 040 |
_aCaPaEBR _cCaPaEBR |
||
| 035 | _a(OCoLC)228372442 | ||
| 050 | 1 | 4 |
_aQ172.5.C45 _bC42745 2008eb |
| 245 | 0 | 0 |
_aChaos, complexity and transport _h[electronic resource] : _btheory and applications : proceedings of the CCT '07, Marseille, France, 4-8 June 2007 / _cedited by Cristel Chandre, Xavier Leoncini, George Zaslavsky. |
| 260 |
_aSingapore ; _aHackensack, NJ : _bWorld Scientific, _cc2008. |
||
| 300 |
_axi, 364 p. : _bill. |
||
| 504 | _aIncludes bibliographical references. | ||
| 533 |
_aElectronic reproduction. _bPalo Alto, Calif. : _cebrary, _d2013. _nAvailable via World Wide Web. _nAccess may be limited to ebrary affiliated libraries. |
||
| 650 | 0 |
_aChaotic behavior in systems _vCongresses. |
|
| 650 | 0 |
_aNonlinear theories _vCongresses. |
|
| 650 | 0 |
_aTransport theory _vCongresses. |
|
| 650 | 0 |
_aFluid dynamics _vCongresses. |
|
| 655 | 7 |
_aElectronic books. _2local |
|
| 700 | 1 | _aChandre, Cristel. | |
| 700 | 1 | _aZaslavsky, George M. | |
| 700 | 1 | _aLeoncini, Xavier. | |
| 710 | 2 | _aebrary, Inc. | |
| 856 | 4 | 0 |
_uhttp://site.ebrary.com/lib/rucke/Doc?id=10698991 _zAn electronic book accessible through the World Wide Web; click to view |
| 999 |
_c6569 _d6569 |
||